[Event "Quebec-ch U18"]
[Site "Montreal CAN"]
[Date "2002.03.09"]
[Round "2"]
[White "Charbonneau, Anne-Marie"]
[Black "Gottlieb, Jonathan"]
[Result "0-1"]
[WhiteElo "1920"]
[BlackElo "2259"]
[PlyCount "62"]
[EventDate "2002.03.08"]
[EventType "tourn"]
[EventRounds "5"]
[EventCountry "CAN"]

1. d4 d5 2. c4 e6 3. cxd5 exd5 4. Nc3 c5 5. dxc5 d4 6. Ne4 Qd5 7. Nd6+ Bxd6 8.
cxd6 Qxd6 9. Nf3 Nc6 10. g3 Bf5 11. a3 Nf6 12. Bg2 O-O 13. O-O Rfd8 14. b4 a6
15. Qb3 Rac8 16. Re1 b5 17. Bf4 Qd7 18. Rac1 Be4 19. Qb2 Nd5 20. Bd2 Nb6 21.
Ne5 Nxe5 22. Bxe4 Nbc4 23. Qa2 Qg4 24. Bf4 g5 25. Bxe5 Qxe4 26. Bf6 Rd5 27.
Rcd1 Rc6 28. a4 Rxf6 29. axb5 axb5 30. Qa8+ Kg7 31. e3 dxe3 0-1

[Event "Quebec-ch U18"]
[Site "Montreal CAN"]
[Date "2002.03.09"]
[Round "2"]
[White "Harutyunyan, Ararat"]
[Black "Tomb, Maroun"]
[Result "0-1"]
[WhiteElo "1970"]
[BlackElo "2105"]
[PlyCount "68"]
[EventDate "2002.03.08"]
[EventType "tourn"]
[EventRounds "5"]
[EventCountry "CAN"]

1. e4 c5 2. Nf3 Nc6 3. d4 cxd4 4. Nxd4 g6 5. Nc3 Bg7 6. Be3 Nf6 7. Be2 O-O 8.
O-O d5 9. Nxc6 bxc6 10. e5 Nd7 11. f4 e6 12. Na4 Qa5 13. c4 Ba6 14. Rc1 Rfc8
15. b3 Bf8 16. Bd2 Qd8 17. c5 Bxe2 18. Qxe2 Rab8 19. b4 Rb5 20. a3 a5 21. Nc3
Rb7 22. Rb1 Rcb8 23. bxa5 Bxc5+ 24. Kh1 Bxa3 25. Ra1 Bb2 26. Ra2 Nc5 27. a6 Rb3
28. Na4 Nxa4 29. Rxa4 c5 30. a7 Ra8 31. Qa6 c4 32. Ba5 Qe8 33. Rb4 Rxb4 34.
Bxb4 Bd4 0-1

[Event "Quebec-ch U18"]
[Site "Montreal CAN"]
[Date "2002.03.09"]
[Round "3"]
[White "Gottlieb, Jonathan"]
[Black "Bachand-Fleurent, Julien"]
[Result "1-0"]
[WhiteElo "2259"]
[BlackElo "2093"]
[PlyCount "101"]
[EventDate "2002.03.08"]
[EventType "tourn"]
[EventRounds "5"]
[EventCountry "CAN"]

1. e4 e6 2. d4 d5 3. e5 c5 4. c3 Nc6 5. Nf3 Bd7 6. a3 Rc8 7. b4 cxd4 8. cxd4 a5
9. b5 Na7 10. a4 Bb4+ 11. Bd2 Qe7 12. Bd3 Nh6 13. O-O Nf5 14. g3 O-O 15. Qb3
Bxd2 16. Nbxd2 g6 17. Kg2 b6 18. Rac1 Rfd8 19. Bxf5 exf5 20. Qe3 Kg7 21. h4 h6
22. Qb3 Be6 23. Rfe1 Rg8 24. Nf1 Qd7 25. Ne3 Rxc1 26. Rxc1 Rc8 27. Rxc8 Qxc8
28. Qa3 Qd7 29. Qc3 Nc8 30. Kh2 Ne7 31. Ng2 Qc8 32. Qa3 Qc7 33. Nf4 Nc8 34. Kg2
Qc4 35. Nh3 Qc2 36. Nf4 Kg8 37. Qe3 Kg7 38. h5 Ne7 39. Qa3 Qc7 40. Qd6 Qb7 41.
Nxe6+ fxe6 42. Qxe6 gxh5 43. Nh4 Kh7 44. Qf7+ Kh8 45. Ng6+ Nxg6 46. Qxb7 h4 47.
Qc8+ Kg7 48. Qxf5 hxg3 49. fxg3 Ne7 50. Qf6+ Kg8 51. Qxe7 1-0

[Event "Quebec-ch U18"]
[Site "Montreal CAN"]
[Date "2002.03.09"]
[Round "3"]
[White "Miron, Francois"]
[Black "Harutyunyan, Ararat"]
[Result "1/2-1/2"]
[WhiteElo "2062"]
[BlackElo "1970"]
[PlyCount "127"]
[EventDate "2002.03.08"]
[EventType "tourn"]
[EventRounds "5"]
[EventCountry "CAN"]

1. e4 e6 2. d3 d5 3. Nd2 c5 4. g3 Nf6 5. Bg2 Nc6 6. Ngf3 Be7 7. O-O O-O 8. h3
Qc7 9. Nh2 Rd8 10. f4 dxe4 11. Nxe4 c4 12. Nxf6+ Bxf6 13. Be4 Bxb2 14. Rb1 Bxc1
15. Qxc1 f5 16. Bg2 cxd3 17. cxd3 Rxd3 18. Nf3 Qa5 19. Qc2 Ra3 20. Rf2 Rc3 21.
Qe2 Qc5 22. Kh2 Nb4 23. Ng5 Qe7 24. Qb5 Nc6 25. Qb2 Qc5 26. Qe2 Qe7 27. Qb2 Rc4
28. Re2 Rb4 29. Qc1 Nd4 30. Re5 Rxb1 31. Qxb1 h6 32. Nf3 Nxf3+ 33. Bxf3 Rb8 34.
Qxf5 Qa3 35. Qh5 Qxa2+ 36. Re2 Qa4 37. Bd5 Bd7 38. Bxe6+ Bxe6 39. Rxe6 Rd8 40.
Re2 Qc6 41. h4 b5 42. f5 b4 43. Rf2 Qf6 44. Qe2 b3 45. Qc4+ Qf7 46. Qc3 Rd6 47.
Rb2 Rb6 48. Qe5 Qf6 49. Qd5+ Kh7 50. Rxb3 Rxb3 51. Qxb3 Qxf5 52. Qa4 a5 53. Kg2
Qd5+ 54. Kh2 Qd2+ 55. Kh3 Qb4 56. Qc2+ Kg8 57. Qc8+ Kf7 58. Qf5+ Kg8 59. Qd5+
Kh8 60. Qd8+ Kh7 61. Qd3+ Kg8 62. Qd5+ Kf8 63. Qf5+ Ke8 64. Qg6+ 1/2-1/2

[Event "Quebec-ch U18"]
[Site "Montreal CAN"]
[Date "2002.03.09"]
[Round "3"]
[White "Tomb, Maroun"]
[Black "Charbonneau, Anne-Marie"]
[Result "1-0"]
[WhiteElo "2105"]
[BlackElo "1920"]
[PlyCount "67"]
[EventDate "2002.03.08"]
[EventType "tourn"]
[EventRounds "5"]
[EventCountry "CAN"]

1. c4 e6 2. Nc3 d5 3. d4 Nf6 4. cxd5 exd5 5. Bg5 Be7 6. e3 c6 7. Qc2 Nbd7 8.
Bd3 O-O 9. Nf3 Re8 10. O-O Nf8 11. Rab1 Ne4 12. Bxe7 Qxe7 13. Nd2 Bf5 14. Ncxe4
dxe4 15. Be2 Qg5 16. Rfc1 Nd7 17. b4 Nb6 18. Bf1 Nd5 19. a4 Nxe3 20. fxe3 Qxe3+
21. Kh1 Qxd4 22. Nc4 b5 23. Rd1 Qf6 24. Nd6 Re5 25. Qxc6 Ree8 26. Bxb5 Bh3 27.
Nxe8 Bxg2+ 28. Kg1 Qg5 29. Qxa8 Bf3+ 30. Kf2 Qh4+ 31. Ke3 Qh6+ 32. Kd4 Qb6+ 33.
Kc3 Qe3+ 34. Rd3 1-0

[Event "Quebec-ch U18"]
[Site "Montreal CAN"]
[Date "2002.03.10"]
[Round "4"]
[White "Bachand-Fleurent, Julien"]
[Black "Tomb, Maroun"]
[Result "1/2-1/2"]
[WhiteElo "2093"]
[BlackElo "2105"]
[PlyCount "102"]
[EventDate "2002.03.08"]
[EventType "tourn"]
[EventRounds "5"]
[EventCountry "CAN"]

1. e4 d6 2. Nc3 Nf6 3. g3 g6 4. Bg2 Bg7 5. d3 O-O 6. Nge2 c5 7. O-O Nc6 8. f4
Nd4 9. Be3 Ng4 10. Bf2 Nxf2 11. Rxf2 Nxe2+ 12. Nxe2 Bxb2 13. Rb1 Bg7 14. c3 Qa5
15. Qc2 Rb8 16. f5 b5 17. Kh1 Bd7 18. g4 c4 19. g5 cxd3 20. Qxd3 Rfc8 21. f6
exf6 22. Qxd6 Qxa2 23. Rbf1 Qe6 24. Qd2 Bc6 25. gxf6 Bf8 26. Qf4 Ba8 27. Nd4
Qe8 28. e5 Bxg2+ 29. Rxg2 Rb7 30. Rg3 b4 31. Qe4 Rbc7 32. cxb4 Rc4 33. e6 Qxe6
34. Qxe6 fxe6 35. f7+ Kh8 36. Nxe6 Rxb4 37. Rff3 Re4 38. Rxg6 Rc1+ 39. Kg2 Re2+
40. Kh3 hxg6 41. Nxf8 Rc8 42. Nxg6+ Kg7 43. f8=Q+ Rxf8 44. Nxf8 Re7 45. Kg3 a5
46. h4 a4 47. h5 a3 48. Ng6 Ra7 49. Rf1 a2 50. Ra1 Kh6 51. Nf4 Kg5 1/2-1/2

[Event "Quebec-ch U18"]
[Site "Montreal CAN"]
[Date "2002.03.10"]
[Round "4"]
[White "Harutyunyan, Ararat"]
[Black "Charbonneau, Anne-Marie"]
[Result "0-1"]
[WhiteElo "1970"]
[BlackElo "1920"]
[PlyCount "115"]
[EventDate "2002.03.08"]
[EventType "tourn"]
[EventRounds "5"]
[EventCountry "CAN"]

1. e4 c5 2. Nf3 d6 3. d4 cxd4 4. Nxd4 Nf6 5. Nc3 e6 6. Be2 Be7 7. O-O O-O 8.
Be3 a6 9. Re1 Qc7 10. f4 Nc6 11. Bf3 Rb8 12. Bf2 e5 13. Nde2 exf4 14. Nxf4 Be6
15. Nfd5 Bxd5 16. Nxd5 Nxd5 17. exd5 Ne5 18. Kh1 Bf6 19. Bd4 Nxf3 20. Bxf6 Nxe1
21. Qg4 g6 22. Qf4 Qxc2 23. Rxe1 Rfe8 24. Rc1 Qf5 25. Qxd6 Rbc8 26. Rd1 Qg4 27.
Rg1 Rc2 28. h3 Qe4 29. Bc3 Qe7 30. Qf4 Qe4 31. Qf6 Rxc3 32. Qxc3 Qxd5 33. a3
Re2 34. Qc8+ Kg7 35. Qc3+ Qe5 36. Qxe5+ Rxe5 37. Rb1 Re2 38. a4 f5 39. b4 Re4
40. Kg1 Kf6 41. Kf2 Ke5 42. a5 Kf4 43. g3+ Kg5 44. Kf3 Rc4 45. Rb3 Kh5 46. h4
h6 47. Rb1 g5 48. hxg5 hxg5 49. Rb3 g4+ 50. Ke3 Kg5 51. Kf2 f4 52. gxf4+ Kxf4
53. b5 Rc2+ 54. Kg1 Ra2 55. bxa6 bxa6 56. Rb6 Rxa5 57. Rf6+ Kg3 58. Rf1 0-1

[Event "Quebec-ch U18"]
[Site "Montreal CAN"]
[Date "2002.03.10"]
[Round "4"]
[White "Miron, Francois"]
[Black "Gottlieb, Jonathan"]
[Result "0-1"]
[WhiteElo "2062"]
[BlackElo "2259"]
[PlyCount "90"]
[EventDate "2002.03.08"]
[EventType "tourn"]
[EventRounds "5"]
[EventCountry "CAN"]

1. e4 c5 2. Nc3 Nc6 3. f4 g6 4. Nf3 Bg7 5. Bc4 e6 6. d3 Nge7 7. O-O d5 8. Bb3
O-O 9. Qe1 b6 10. Qh4 Nd4 11. g4 dxe4 12. dxe4 Ba6 13. Be3 Bxf1 14. Rxf1 Nec6
15. Qh3 Nxf3+ 16. Rxf3 Nd4 17. Rf1 Nxb3 18. axb3 f5 19. e5 Qc7 20. Nb5 Qc6 21.
Nd6 Rfd8 22. gxf5 exf5 23. Qg3 Qd5 24. h4 Qe6 25. Qf3 Rab8 26. Rd1 Bf8 27. Nb5
Rd7 28. Ra1 a5 29. Nc3 Rbd8 30. Kf2 Be7 31. Rh1 h6 32. Rh2 Kh7 33. Ke1 Rc8 34.
Qh1 c4 35. Rd2 Rxd2 36. Bxd2 cxb3 37. cxb3 Qc6 38. Qh3 Bb4 39. Qd3 Rc7 40. Qe3
Rd7 41. Kd1 b5 42. Ke2 Bc5 43. Qh3 b4 44. Na4 Qe4+ 45. Be3 Ba7 0-1

[Event "Quebec-ch U18"]
[Site "Montreal CAN"]
[Date "2002.03.10"]
[Round "5"]
[White "Charbonneau, Anne-Marie"]
[Black "Bachand-Fleurent, Julien"]
[Result "0-1"]
[WhiteElo "1920"]
[BlackElo "2093"]
[PlyCount "92"]
[EventDate "2002.03.08"]
[EventType "tourn"]
[EventRounds "5"]
[EventCountry "CAN"]

1. d4 d5 2. c4 c6 3. cxd5 cxd5 4. Nc3 Nf6 5. Bf4 e6 6. e3 Nc6 7. Nf3 Bb4 8. Nd2
O-O 9. Qc2 Re8 10. a3 Bxc3 11. bxc3 e5 12. dxe5 Nxe5 13. Bxe5 Rxe5 14. Bd3 Bg4
15. Nb3 Rc8 16. Nd4 Qa5 17. O-O Qxc3 18. Rfc1 Qxc2 19. Rxc2 Rxc2 20. Bxc2 Re7
21. Rb1 Rc7 22. a4 a6 23. f3 Bc8 24. Kf2 g6 25. Ke2 Nd7 26. Kd2 Nc5 27. Rb6 Bd7
28. a5 Ne6 29. Nb3 Kf8 30. Kc1 Ke7 31. Kb2 Bb5 32. Bd1 Kd7 33. h4 Kc8 34. f4
Nc5 35. Nxc5 Rxc5 36. Kb3 Bc6 37. Kb4 Rc4+ 38. Ka3 Re4 39. h5 Rxe3+ 40. Kb4
Re4+ 41. Kc5 Kd7 42. Bb3 Rxf4 43. hxg6 hxg6 44. Rb4 Rxb4 45. Kxb4 Kd6 46. Kc3
Kc5 0-1

[Event "Quebec-ch U18"]
[Site "Montreal CAN"]
[Date "2002.03.10"]
[Round "5"]
[White "Gottlieb, Jonathan"]
[Black "Harutyunyan, Ararat"]
[Result "1-0"]
[WhiteElo "2259"]
[BlackElo "1970"]
[PlyCount "97"]
[EventDate "2002.03.08"]
[EventType "tourn"]
[EventRounds "5"]
[EventCountry "CAN"]

1. e4 e6 2. d4 d5 3. e5 c5 4. c3 Nc6 5. Nf3 Qb6 6. a3 Nge7 7. b4 cxd4 8. cxd4
Nf5 9. Be3 Bd7 10. Be2 Rc8 11. O-O Be7 12. Kh1 f6 13. Bd3 Nxe3 14. fxe3 f5 15.
Nbd2 a5 16. b5 Nd8 17. a4 Nf7 18. Qe2 g5 19. g4 O-O 20. Qg2 Rc3 21. Ne1 Nh6 22.
gxf5 exf5 23. Qh3 Ng4 24. Ra2 Qh6 25. Qxh6 Nxh6 26. Nb1 Rc1 27. Nd2 Ng4 28. Nb3
Rc3 29. Nxa5 b6 30. Nc6 Bxc6 31. bxc6 Nxe3 32. Rg1 Rxc6 33. Rb2 f4 34. Nc2 Rc3
35. Nxe3 fxe3 36. Bb5 Rf4 37. Rd1 Ba3 38. Re2 Bc1 39. Kg2 Bd2 40. Rf1 Rc1 41.
Rxc1 Bxc1 42. Rc2 Bd2 43. Rc8+ Kf7 44. Rc7+ Kg6 45. Bd3+ Rf5 46. Bxf5+ Kxf5 47.
Kf3 g4+ 48. Ke2 Ke4 49. e6 1-0

[Event "Quebec-ch U18"]
[Site "Montreal CAN"]
[Date "2002.03.10"]
[Round "5"]
[White "Tomb, Maroun"]
[Black "Miron, Francois"]
[Result "1-0"]
[WhiteElo "2105"]
[BlackElo "2062"]
[PlyCount "69"]
[EventDate "2002.03.08"]
[EventType "tourn"]
[EventRounds "5"]
[EventCountry "CAN"]

1. e4 c5 2. Nf3 Nc6 3. c3 d5 4. d3 dxe4 5. dxe4 Qxd1+ 6. Kxd1 Bg4 7. Be3 Nf6 8.
Nbd2 Rd8 9. Kc2 e6 10. a4 a6 11. Ne1 Be7 12. f3 Bh5 13. Nd3 Nd7 14. Nf4 Bg6 15.
h4 h6 16. Nxg6 fxg6 17. Bc4 Kf7 18. f4 Kf6 19. g4 Nb6 20. Ba2 Nxa4 21. g5+ Kf7
22. f5 gxf5 23. exf5 Ke8 24. Bxe6 Nb6 25. Ne4 Nd5 26. Bxc5 Rf8 27. Rae1 b6 28.
Bxe7 Ncxe7 29. Bxd5 Nxd5 30. Nc5+ Ne7 31. Ne6 Rxf5 32. Nxg7+ Kf8 33. Nxf5 Nxf5
34. Rhf1 Rd5 35. c4 1-0

[Event "Quebec-ch U20"]
[Site "Montreal CAN"]
[Date "2002.05.10"]
[Round "1"]
[White "Caire, Francois"]
[Black "Bachand-Fleurent, Julien"]
[Result "1-0"]
[WhiteElo "2095"]
[BlackElo "2088"]
[PlyCount "47"]
[EventDate "2002.05.10"]
[EventType "tourn"]
[EventRounds "5"]
[EventCountry "CAN"]

1. Nf3 g6 2. e4 Bg7 3. d4 d6 4. c4 Nd7 5. Nc3 e6 6. Be2 Ne7 7. Be3 O-O 8. Qd2
d5 9. Bh6 dxe4 10. Bxg7 Kxg7 11. Nxe4 b6 12. Qc3 Bb7 13. d5+ Kg8 14. Ne5 exd5
15. Nxd7 dxe4 16. Nf6+ Kh8 17. Rd1 Qc8 18. Nd5+ f6 19. Nxe7 Qe6 20. Nd5 Rf7 21.
O-O Kg8 22. f3 exf3 23. Bxf3 c6 24. Rfe1 1-0

[Event "Quebec-ch U20"]
[Site "Montreal CAN"]
[Date "2002.05.10"]
[Round "1"]
[White "Moskvitch, Andrei"]
[Black "Masse, Hugues"]
[Result "1-0"]
[WhiteElo "2179"]
[BlackElo "2132"]
[PlyCount "109"]
[EventDate "2002.05.10"]
[EventType "tourn"]
[EventRounds "5"]
[EventCountry "CAN"]

1. e4 c5 2. Nf3 d6 3. d4 cxd4 4. Nxd4 Nf6 5. Nc3 g6 6. Be3 Bg7 7. f3 Nc6 8. Qd2
O-O 9. O-O-O d5 10. Kb1 Nxd4 11. e5 Nf5 12. exf6 Bxf6 13. Nxd5 Qxd5 14. Qxd5
Nxe3 15. Qd3 Nxd1 16. Qxd1 Bf5 17. Bc4 Rac8 18. Bb3 h5 19. g4 hxg4 20. fxg4 Be4
21. Re1 Rfd8 22. Qc1 Rd4 23. Ka1 Bd5 24. g5 Bxb3 25. gxf6 Be6 26. fxe7 Rd7 27.
Qg5 Re8 28. b3 Rdxe7 29. Qf6 Rd7 30. h4 Rd5 31. Qf3 Rb8 32. Kb2 b5 33. h5 g5
34. Rxe6 fxe6 35. Qf6 Rf5 36. Qxe6+ Rf7 37. Qe5 Rbb7 38. Qxg5+ Rg7 39. Qf5 Rgf7
40. Qe4 b4 41. a3 bxa3+ 42. Kxa3 Kf8 43. c4 Rfe7 44. Qg6 Rg7 45. Qd6+ Ke8 46.
c5 Rbc7 47. c6 Rge7 48. Qg6+ Kf8 49. h6 Rf7 50. Kb4 Rf4+ 51. Kc5 Rff7 52. b4
Rh7 53. b5 Rhf7 54. Kd6 a5 55. b6 1-0

[Event "Quebec-ch U20"]
[Site "Montreal CAN"]
[Date "2002.05.11"]
[Round "2"]
[White "Bachand-Fleurent, Julien"]
[Black "Lawson, Eric"]
[Result "1/2-1/2"]
[WhiteElo "2088"]
[BlackElo "2299"]
[PlyCount "87"]
[EventDate "2002.05.10"]
[EventType "tourn"]
[EventRounds "5"]
[EventCountry "CAN"]

1. e4 g6 2. Nc3 Bg7 3. g3 b6 4. Bg2 Bb7 5. d3 d6 6. Nh3 Nd7 7. O-O e6 8. Bg5
Ne7 9. Qd2 h6 10. Be3 a6 11. f4 b5 12. Rae1 Qc8 13. Kh1 b4 14. Nd1 a5 15. Bg1
c5 16. f5 gxf5 17. exf5 e5 18. Ne3 Nf6 19. Nc4 Ra6 20. Bxb7 Qxb7+ 21. Qg2 Qxg2+
22. Kxg2 Kd7 23. Be3 Ned5 24. Bd2 Rb8 25. Nf2 Nb6 26. Nxb6+ Rbxb6 27. g4 Rc6
28. h4 c4 29. g5 hxg5 30. hxg5 Nd5 31. Rh1 cxd3 32. c3 bxc3 33. bxc3 Bf8 34.
Rh7 Ke8 35. Nxd3 Nxc3 36. g6 fxg6 37. fxg6 Nxa2 38. Rf1 d5 39. Nxe5 Rxg6+ 40.
Nxg6 Rxg6+ 41. Kh3 Bb4 42. Be3 Bd6 43. Bd4 Nb4 44. Ra1 1/2-1/2

[Event "Quebec-ch U20"]
[Site "Montreal CAN"]
[Date "2002.05.11"]
[Round "2"]
[White "Moskvitch, Andrei"]
[Black "Caire, Francois"]
[Result "1-0"]
[WhiteElo "2179"]
[BlackElo "2095"]
[PlyCount "41"]
[EventDate "2002.05.10"]
[EventType "tourn"]
[EventRounds "5"]
[EventCountry "CAN"]

1. e4 Nc6 2. Nf3 e5 3. Bb5 a6 4. Ba4 Nf6 5. Qe2 b5 6. Bb3 Bb7 7. O-O Bc5 8. c3
O-O 9. a4 b4 10. d4 exd4 11. e5 Ne8 12. Qd3 bxc3 13. bxc3 dxc3 14. Nxc3 d6 15.
Ng5 g6 16. e6 Ne5 17. exf7+ Nxf7 18. Nce4 Bxe4 19. Qxe4 Nf6 20. Qe6 d5 21. Bb2
1-0

[Event "Quebec-ch U20"]
[Site "Montreal CAN"]
[Date "2002.05.11"]
[Round "3"]
[White "Caire, Francois"]
[Black "Masse, Hugues"]
[Result "1/2-1/2"]
[WhiteElo "2095"]
[BlackElo "2132"]
[PlyCount "39"]
[EventDate "2002.05.10"]
[EventType "tourn"]
[EventRounds "5"]
[EventCountry "CAN"]

1. d4 Nf6 2. Nc3 d5 3. Bg5 Nbd7 4. Nf3 h6 5. Bh4 e6 6. e3 Be7 7. Bd3 O-O 8. O-O
c5 9. Re1 b6 10. Bg3 Nh5 11. e4 Nxg3 12. hxg3 Bb7 13. exd5 exd5 14. dxc5 bxc5
15. Bb5 d4 16. Ne4 Nf6 17. Nxf6+ Bxf6 18. Qd3 Qd5 19. Qb3 Qxb3 20. axb3 1/2-1/2

[Event "Quebec-ch U20"]
[Site "Montreal CAN"]
[Date "2002.05.11"]
[Round "3"]
[White "Lawson, Eric"]
[Black "Moskvitch, Andrei"]
[Result "1-0"]
[WhiteElo "2299"]
[BlackElo "2179"]
[PlyCount "95"]
[EventDate "2002.05.10"]
[EventType "tourn"]
[EventRounds "5"]
[EventCountry "CAN"]

1. d4 d5 2. Bg5 f6 3. Bf4 c5 4. dxc5 e5 5. Bg3 Bxc5 6. e4 dxe4 7. Qxd8+ Kxd8 8.
Nc3 Bf5 9. O-O-O+ Kc8 10. Bc4 Ne7 11. Na4 Nd7 12. Rxd7 Kxd7 13. Nxc5+ Kc6 14.
Nb3 b5 15. Be2 a5 16. Nd2 Rac8 17. Nf1 Nd5 18. Ne3 Nxe3 19. fxe3 Be6 20. Bd1
Kb6 21. Ne2 b4 22. b3 Rc7 23. c4 a4 24. Bc2 axb3 25. axb3 Ra8 26. Kb2 Rca7 27.
Nc1 Rd8 28. Be1 Kc5 29. Bxe4 f5 30. Bc2 e4 31. Ne2 Rda8 32. Bb1 Bg8 33. Rf1 g6
34. Nd4 Ra3 35. Bxb4+ Kxb4 36. Nc2+ Kc5 37. Nxa3 Kb4 38. Nc2+ Kc5 39. Rd1 Rb8
40. Kc3 g5 41. b4+ Kb6 42. Rd6+ Kc7 43. c5 f4 44. Nd4 Re8 45. b5 Kc8 46. exf4
e3 47. Bf5+ Kb8 48. Rd7 1-0

[Event "Quebec-ch U20"]
[Site "Montreal CAN"]
[Date "2002.05.12"]
[Round "4"]
[White "Caire, Francois"]
[Black "Lawson, Eric"]
[Result "1-0"]
[WhiteElo "2095"]
[BlackElo "2299"]
[PlyCount "83"]
[EventDate "2002.05.10"]
[EventType "tourn"]
[EventRounds "5"]
[EventCountry "CAN"]

1. d4 Nf6 2. c4 e6 3. Nf3 b6 4. Nc3 Bb4 5. Bg5 Bb7 6. e3 h6 7. Bh4 g5 8. Bg3
Ne4 9. Qc2 Nxg3 10. hxg3 f5 11. Bd3 Qf6 12. O-O-O g4 13. Nh4 Nc6 14. Nb5 Bd6
15. a3 a6 16. Nxd6+ cxd6 17. d5 Ne5 18. e4 Rc8 19. exf5 Nxc4 20. Bxc4 b5 21.
Qe2 Rxc4+ 22. Kb1 e5 23. b3 Rc5 24. Qxg4 Bxd5 25. b4 Rc4 26. Qg6+ Qxg6 27. fxg6
Be4+ 28. Ka1 Ke7 29. f3 Bc2 30. Rd2 Rg8 31. g4 Bxg6 32. Nf5+ Bxf5 33. gxf5 Rh8
34. f6+ Ke6 35. f7 Rc6 36. Rxh6+ Rxh6 37. f8=Q Rh1+ 38. Kb2 Rhc1 39. Qe8+ Kf5
40. Qxd7+ Kf4 41. Qg4+ Ke3 42. Qg5# 1-0

[Event "Quebec-ch U20"]
[Site "Montreal CAN"]
[Date "2002.05.12"]
[Round "4"]
[White "Masse, Hugues"]
[Black "Bachand-Fleurent, Julien"]
[Result "1-0"]
[WhiteElo "2132"]
[BlackElo "2088"]
[PlyCount "37"]
[EventDate "2002.05.10"]
[EventType "tourn"]
[EventRounds "5"]
[EventCountry "CAN"]

1. e4 e6 2. d4 d5 3. e5 c5 4. c3 Nc6 5. Nf3 Bd7 6. Be2 Rc8 7. O-O cxd4 8. cxd4
Nh6 9. Bxh6 gxh6 10. Nc3 a6 11. Rc1 b5 12. Bd3 Qb6 13. Bb1 Na5 14. Ne2 Kd8 15.
Qd2 Bg7 16. Qf4 Ke7 17. Ng3 Kf8 18. Nh5 Qd8 19. Qg4 1-0

[Event "Quebec-ch U20"]
[Site "Montreal CAN"]
[Date "2002.05.12"]
[Round "5"]
[White "Bachand-Fleurent, Julien"]
[Black "Moskvitch, Andrei"]
[Result "0-1"]
[WhiteElo "2088"]
[BlackElo "2179"]
[PlyCount "146"]
[EventDate "2002.05.10"]
[EventType "tourn"]
[EventRounds "5"]
[EventCountry "CAN"]

1. e4 c5 2. Nc3 Nc6 3. g3 g6 4. Bg2 Bg7 5. d3 d6 6. Nh3 e6 7. O-O Nge7 8. Bg5
O-O 9. Qd2 Nd4 10. Nd1 Rb8 11. c3 Ndc6 12. Bh6 d5 13. Bxg7 Kxg7 14. Ne3 d4 15.
Ng4 Ng8 16. f4 f6 17. Kh1 e5 18. Ngf2 dxc3 19. Qxc3 Qd4 20. Rac1 Qxc3 21. Rxc3
b6 22. Ng1 Be6 23. a3 Nd4 24. Nf3 Nxf3 25. Bxf3 Nh6 26. Kg1 Rbc8 27. Nd1 Nf7
28. Ne3 Nd6 29. fxe5 fxe5 30. Rcc1 Rcd8 31. Bg4 Bg8 32. Be2 Nb5 33. Ng4 Nd4 34.
Bd1 Rxf1+ 35. Kxf1 Rf8+ 36. Kg2 Re8 37. b4 h5 38. Ne3 cxb4 39. Rc7+ Kf6 40.
axb4 Re7 41. Rc3 Bf7 42. h4 a5 43. bxa5 bxa5 44. Ra3 Ra7 45. g4 hxg4 46. Nxg4+
Ke6 47. Ra2 Kd6 48. Rf2 Be6 49. Rf6 a4 50. Bxa4 Rxa4 51. Rxg6 Ne2 52. Rg5 Bxg4
53. Rxg4 Nf4+ 54. Kf3 Rd4 55. Rg8 Rxd3+ 56. Kg4 Ke6 57. h5 Rd1 58. Re8+ Kf6 59.
Rf8+ Ke7 60. Rh8 Nd3 61. h6 Kf6 62. Ra8 Rg1+ 63. Kf3 Rh1 64. Ra3 Nf4 65. Ra6+
Ne6 66. h7 Rxh7 67. Kg4 Rh1 68. Kf3 Rh3+ 69. Kf2 Rc3 70. Ke2 Ke7 71. Ra7+ Kd6
72. Ra6+ Rc6 73. Ra5 Nf4+ 0-1

[Event "Quebec-ch U20"]
[Site "Montreal CAN"]
[Date "2002.05.12"]
[Round "5"]
[White "Lawson, Eric"]
[Black "Masse, Hugues"]
[Result "1-0"]
[WhiteElo "2299"]
[BlackElo "2132"]
[PlyCount "75"]
[EventDate "2002.05.10"]
[EventType "tourn"]
[EventRounds "5"]
[EventCountry "CAN"]

1. d4 Nf6 2. Bg5 Ne4 3. Bf4 d5 4. f3 Nf6 5. e4 dxe4 6. Nc3 exf3 7. Nxf3 e6 8.
Bc4 Be7 9. Qe2 O-O 10. O-O-O c6 11. Ne5 Nd5 12. Nxd5 exd5 13. Bd3 Nd7 14. h4
Nxe5 15. Bxe5 Bf6 16. Rdf1 Bxe5 17. dxe5 Qe7 18. Qh5 g6 19. Qh6 Qxe5 20. h5 Qg7
21. Qe3 d4 22. Qg5 h6 23. Qe7 g5 24. Rf6 Be6 25. Rhf1 b6 26. b3 Bd5 27. Re1
Bxg2 28. Ree6 fxe6 29. Rg6 Rf7 30. Qxe6 Kf8 31. Rxg7 Rxg7 32. Bc4 Bd5 33. Bxd5
cxd5 34. Qxd5 Ke7 35. Qxa8 g4 36. Qxa7+ Kf6 37. Qxb6+ Ke5 38. Qxh6 1-0

[Event "Quebec-ch classe"]
[Site "Quebec CAN "]
[Date "2002.11.22"]
[Round "1"]
[White "Arsenault, Nicolas"]
[Black "Masse, Hugues"]
[Result "0-1"]
[WhiteElo "1968"]
[BlackElo "2117"]
[PlyCount "66"]
[EventDate "2002.11.22"]
[EventType "swiss"]
[EventRounds "5"]
[EventCountry "CAN"]

1. e4 e5 2. Nf3 Nc6 3. d4 exd4 4. Nxd4 Bc5 5. Be3 Qf6 6. c3 Nge7 7. Bc4 b6 8.
O-O Bb7 9. f4 d5 10. exd5 Nxd4 11. cxd4 Bd6 12. Nc3 Qh6 13. Bb5+ Kf8 14. Bc6
Nxc6 15. dxc6 Bxc6 16. d5 Bd7 17. Qf3 Qf6 18. Rad1 Re8 19. Bd4 Qf5 20. h3 h5
21. Kh1 f6 22. Bg1 Kf7 23. Ne2 Qe4 24. Nd4 Qxf3 25. Rxf3 Bg4 26. Ne6 Bxf3 27.
gxf3 g6 28. Bh2 Re7 29. a3 Rhe8 30. Bg3 c6 31. dxc6 Rxe6 32. f5 Bxg3 33. fxe6+
Rxe6 0-1

[Event "Quebec-ch classe"]
[Site "Quebec CAN "]
[Date "2002.11.22"]
[Round "1"]
[White "Fecteau, Martin"]
[Black "Girard, Robin"]
[Result "0-1"]
[WhiteElo "1945"]
[BlackElo "2227"]
[PlyCount "112"]
[EventDate "2002.11.22"]
[EventType "swiss"]
[EventRounds "5"]
[EventCountry "CAN"]

1. d4 Nf6 2. c4 g6 3. Nc3 Bg7 4. e4 d6 5. Nf3 O-O 6. Be2 e5 7. O-O Nc6 8. Be3
Ng4 9. Bg5 f6 10. Bc1 f5 11. Bg5 Qe8 12. d5 Nb8 13. h3 Nf6 14. exf5 gxf5 15.
Qd2 Na6 16. Bh6 Qg6 17. Bxg7 Qxg7 18. Qg5 e4 19. Qxg7+ Kxg7 20. Nd4 f4 21. Rfe1
Re8 22. a3 Bd7 23. b4 c6 24. dxc6 bxc6 25. Rad1 Nc7 26. b5 cxb5 27. cxb5 Re5
28. Bf1 d5 29. Rc1 Ne6 30. Nce2 Nxd4 31. Nxd4 Ne8 32. a4 Kf7 33. Rc5 Ke7 34. a5
Kd6 35. Rec1 Rg5 36. Kh2 Ke5 37. Rd1 Kd6 38. Nb3 Nc7 39. Bc4 Rb8 40. Bf1 Bxb5
41. Bxb5 Rxb5 42. Rc3 Ne6 43. Rdc1 d4 44. Rc6+ Kd5 45. Rxe6 Rxb3 46. Rec6 Rb5
47. a6 Rg6 48. Rc7 Rxa6 49. Rxh7 Re6 50. Rxa7 e3 51. fxe3 fxe3 52. Kg1 d3 53.
Rd7+ Rd6 54. Rxd6+ Kxd6 55. Kf1 Rf5+ 56. Kg1 e2 0-1

[Event "Quebec-ch classe"]
[Site "Quebec CAN "]
[Date "2002.11.22"]
[Round "1"]
[White "Fortier, Marc-Andre"]
[Black "Angers, Gilles"]
[Result "1-0"]
[WhiteElo "2225"]
[BlackElo "1981"]
[PlyCount "31"]
[EventDate "2002.11.22"]
[EventType "swiss"]
[EventRounds "5"]
[EventCountry "CAN"]

1. e4 e6 2. d4 d5 3. exd5 exd5 4. c4 Nf6 5. Nc3 Nc6 6. Be3 Be7 7. Nf3 Bg4 8. h3
Bxf3 9. Qxf3 dxc4 10. O-O-O Na5 11. g4 O-O 12. g5 Ne8 13. Rg1 Nd6 14. h4 b5 15.
Nd5 Ne8 16. Nxe7+ 1-0

[Event "Quebec-ch classe"]
[Site "Quebec CAN "]
[Date "2002.11.22"]
[Round "1"]
[White "Pageau, Roger"]
[Black "Robitaille, Denis"]
[Result "1-0"]
[WhiteElo "1938"]
[BlackElo "1852"]
[PlyCount "63"]
[EventDate "2002.11.22"]
[EventType "swiss"]
[EventRounds "5"]
[EventCountry "CAN"]

1. d4 g6 2. Nf3 Bg7 3. e4 d6 4. h3 c6 5. Bd3 Qc7 6. Qe2 e5 7. Be3 Nd7 8. c3
Ngf6 9. Nbd2 O-O 10. dxe5 dxe5 11. g4 Ne8 12. Rd1 Nd6 13. Nc4 Nxc4 14. Bxc4 b5
15. Bb3 a5 16. a3 Ba6 17. Qd3 Nf6 18. Bc5 Rfd8 19. Bd6 Qb6 20. Nxe5 Rxd6 21.
Qxd6 Nxe4 22. Bxf7+ Kh8 23. Qd4 Qxd4 24. cxd4 Rf8 25. f3 Ng5 26. Bxg6 Bxe5 27.
dxe5 Nxf3+ 28. Ke2 b4+ 29. Ke3 Nxe5 30. Be4 Nc4+ 31. Kd4 Nxb2 32. Ra1 1-0